ბათუმის შოთა რუსთაველის სახელმწიფო უნივერსიტეტის ბიბლიოთეკა

ისლამის დოგმატიკა : (ბიბ.ჩანაწერი № 52871)

000 -ლიდერი
ფიქსირებული სიგრძის საკონტროლო ველი 01747nam a2200301Ia 4500
001 - საკონტროლო ნომერი
საკონტროლო ველი 19901
003 - საკონტროლო ნომრის იდენტიფიკატორი
საკონტროლო ველი GE_BSU
005 - ბოლო ოპერაციის თარიღი და დრო
საკონტროლო ველი 20200507170912.0
008 - ფიქსირებული სიგრძის მონაცემთა ელემენტები - ზოგადი ინფორმაცია
ფიქსირებული სიგრძის საკონტროლო ველი 181216s2016||||ge |||||||||||||| ||geo||
020 ## - წიგნის საერთაშორისო სტანდარტული ნომერი
International Standard Book Number 9789941088742
040 ## - კატალოგიზაციის წყარო
Transcribing agency GE_BSU
041 ## - ენის კოდი
Language code of text/sound track or separate title geo
080 ## - უნივერსალური ათობითი კლასიფიკაციის ინდექსი
Universal Decimal Classification number 28 ქ 51
100 ## - მთავარი ჩანაწერი - პიროვნების სახელი
Personal name ქილავუზი, აჰმედ საიმ
9 (RLIN) 8004
245 ## - ცნობა სათაურის შესახებ
Title ისლამის დოგმატიკა :
Remainder of title (აყიდა) /
Statement of responsibility, etc აჰმედ საიმ ქილავუზი ; მთარგმნელი გიორგი კამლაძე ; მთ. რედაქტორი ზურაბ მიქელაძე ; თეოლ. რედაქტორი დანიელ ბოლქვაძე.
250 ## - გამოცემის ცნობა
Edition statement 1-ი გამოცემა
264 ## - წარმოების, გამოცემის, დისტრიბუციის და სხვა ცნობები
გამოცემის, წარმოების, დისტრიბუციის... ადგილი ბათუმი :
გამოცემის, წარმოების, დისტრიბუციის... სახელწოდება ერქამი,
გამოცემის, წარმოების, დისტრიბუციის... თარიღი 2016.
300 ## - ფიზიკური აღწერა
Extent 216 გვ. ;
Dimensions 20 სმ.
520 ## - SUMMARY, ETC.
Summary, etc წიგნი გამოცემულია საქართველოს ახალგაზრდებზე დახმარების ასოციაციის მიერ, სრ. საქ. მუსლიმთა სამმართველოს რეკომენდაციით
653 ## - INDEX TERM--UNCONTROLLED
Uncontrolled term ისლამი
653 ## - INDEX TERM--UNCONTROLLED
Uncontrolled term ისლამის დოგმატიკა : (აყიდა)
653 ## - INDEX TERM--UNCONTROLLED
Uncontrolled term რელიგია
700 ## - ADDED ENTRY--PERSONAL NAME
Personal name კამლაძე, გიორგი
Relator term მთარგმნელი
9 (RLIN) 8005
700 ## - ADDED ENTRY--PERSONAL NAME
Personal name მიქელაძე, ზურაბ
Relator term მთ. რედაქტორი
9 (RLIN) 8006
700 ## - ADDED ENTRY--PERSONAL NAME
Personal name ბოლქვაძე, დანიელ
Relator term თეოლ. რედაქტორი
9 (RLIN) 8007
942 ## - ADDED ENTRY ELEMENTS (KOHA)
Koha item type წიგნი
Source of classification or shelving scheme
ეგზემპლარები
ჩამოწერის სტატუსი დაკარგული ეგზემპლარის სტატუსი კლასიფიკაციის წყარო ან თაროზე გაწყობის სქემა დაზიანების სტატუსი არ გაიცემა მუდმივი მდებარეობა (დაცვის ადგილი) ამჟამინდელი ადგილსამყოფელი თაროზე განთავსების ადგილი შეძენის თარიღი ღირებულება, შესყიდვის ნორმალური ფასი სრული შენახვის შიფრი შტრიხკოდი ბოლო ოპერაციის თარიღი ეგზემპლარის მიმდევრობითი ნომერი (კეტერი?) ფასის ძალაში შესვლის თარიღი ეგზემპლარის სახეობა საჯარო შენიშვნა
          ბათუმის შოთა რუსთაველის სახელმწიფო უნივერსიტეტის მთავარი ბიბლიოთეკა ბათუმის შოთა რუსთაველის სახელმწიფო უნივერსიტეტის მთავარი ბიბლიოთეკა წიგნსაცავი 2018-12-17 4.00 28 ქ 51 52369 2018-12-17 52369 2018-12-17 წიგნი 4.00 ლ.
          ბათუმის შოთა რუსთაველის სახელმწიფო უნივერსიტეტის მთავარი ბიბლიოთეკა ბათუმის შოთა რუსთაველის სახელმწიფო უნივერსიტეტის მთავარი ბიბლიოთეკა წიგნსაცავი 2018-12-17 4.00 28 ქ 51 52370 2018-12-17 52370 2018-12-17 წიგნი 4.00 ლ.
          ბათუმის შოთა რუსთაველის სახელმწიფო უნივერსიტეტის მთავარი ბიბლიოთეკა ბათუმის შოთა რუსთაველის სახელმწიფო უნივერსიტეტის მთავარი ბიბლიოთეკა წიგნსაცავი 2018-12-17 4.00 28 ქ 51 52371 2018-12-17 52371 2018-12-17 წიგნი 4.00 ლ.